[Event "Primera Copa Universidad La Punta 2009"]
[Site "Buenos Aires ARG"]
[Date "2009.05.31"]
[Round "9.4"]
[White "Quiroga, Sergio"]
[Black "Liascovich, Lucas"]
[Result "0-1"]
[WhiteElo "2206"]
[BlackElo "2439"]
[PlyCount "118"]
[EventDate "2009.05.25"]
[EventType "swiss"]
[EventRounds "9"]
[EventCountry "ARG"]
[Source "lmi"]
[SourceDate "2009.05.25"]

1. c4 e5 2. Nc3 Nf6 3. g3 d5 4. cxd5 Nxd5 5. Bg2 Nb6 6. Nf3 Nc6 7. O-O Be7 8.
d3 Be6 9. a3 O-O 10. b4 f6 11. Rb1 a5 12. b5 Nd4 13. Ne1 Nd5 14. Nxd5 Bxd5 15.
a4 Kh8 16. Be3 Ne6 17. Bxd5 Qxd5 18. Nf3 Bc5 19. Bxc5 Nxc5 20. Qc2 Rfd8 21.
Rfc1 b6 22. Qc4 Qb7 23. Rc2 Rd7 24. Rbc1 Rad8 25. Qg4 Qd5 26. Qc4 Qa8 27. Qg4
Re7 28. Rc4 Red7 29. h4 Qd5 30. h5 Qf7 31. Kg2 Qd5 32. Kg1 Qf7 33. Kg2 Rf8 34.
Qf5 Qd5 35. Kg1 Qf7 36. Nh4 Rfd8 37. Nf3 Ne6 38. Kg2 Re8 39. R1c2 Ree7 40. Rc1
Nc5 41. Rxc5 bxc5 42. Rxc5 g6 43. Qe4 Qe8 44. h6 Qf8 45. Qb7 Qxh6 46. Qa8+ Kg7
47. Qxa5 e4 48. dxe4 Rd1 49. Ng1 Rc1 50. Qb4 Rd7 51. Rd5 Rxd5 52. exd5 Kf7 53.
a5 Qf8 54. Qb3 Qa8 55. a6 Kg7 56. Nf3 Qe8 57. Qb4 Qxe2 58. Nd4 Qe4+ 59. Nf3
Qxb4 0-1

[Event "Primera Copa Universidad La Punta 2009"]
[Site "Buenos Aires ARG"]
[Date "2009.05.31"]
[Round "9.5"]
[White "Pierrot, Facundo"]
[Black "Malbran, Guillermo"]
[Result "1-0"]
[WhiteElo "2422"]
[BlackElo "2238"]
[PlyCount "73"]
[EventDate "2009.05.25"]
[EventType "swiss"]
[EventRounds "9"]
[EventCountry "ARG"]
[Source "lmi"]
[SourceDate "2009.05.25"]

1. d4 c5 2. e4 Nf6 3. e5 Ng8 4. d5 d6 5. Nf3 Bg4 6. Bb5+ Nd7 7. e6 fxe6 8. dxe6
Bxe6 9. Ng5 Bf7 10. f4 a6 11. Nxf7 Kxf7 12. Bc4+ e6 13. O-O Ndf6 14. f5 d5 15.
fxe6+ Kxe6 16. Be2 Kd7 17. c4 d4 18. b4 Kc7 19. bxc5 Bxc5 20. Bf4+ Bd6 21. Qxd4
Bxf4 22. Qxf4+ Qd6 23. Qxd6+ Kxd6 24. Bf3 Kc7 25. Nc3 Ne7 26. Rab1 Rab8 27.
Rfe1 Rhe8 28. Re5 Nc6 29. Rc5 Re5 30. Nd5+ Kd6 31. Nxf6 Kxc5 32. Nd7+ Kd6 33.
Bxc6 bxc6 34. Nxb8 Ra5 35. Rb6 Kc7 36. Rxa6 Rc5 37. Rxc6+ 1-0

[Event "Primera Copa Universidad La Punta 2009"]
[Site "Buenos Aires ARG"]
[Date "2009.05.31"]
[Round "9.6"]
[White "Bronstein, Luis Marcos"]
[Black "Garcia, Raimundo"]
[Result "1/2-1/2"]
[WhiteElo "2401"]
[BlackElo "2342"]
[PlyCount "24"]
[EventDate "2009.05.25"]
[EventType "swiss"]
[EventRounds "9"]
[EventCountry "ARG"]
[Source "lmi"]
[SourceDate "2009.05.25"]

1. d4 Nf6 2. Nf3 g6 3. g3 Bg7 4. Bg2 O-O 5. O-O d5 6. c4 c6 7. cxd5 cxd5 8. Ne5
e6 9. Nc3 Nfd7 10. Nxd7 Bxd7 11. b3 Nc6 12. e3 Qa5 1/2-1/2

[Event "Primera Copa Universidad La Punta 2009"]
[Site "Buenos Aires ARG"]
[Date "2009.05.31"]
[Round "9.7"]
[White "Tristan, Leonardo"]
[Black "Bitelmajer, Martin"]
[Result "1/2-1/2"]
[WhiteElo "2393"]
[BlackElo "2314"]
[PlyCount "76"]
[EventDate "2009.05.25"]
[EventType "swiss"]
[EventRounds "9"]
[EventCountry "ARG"]
[Source "lmi"]
[SourceDate "2009.05.25"]

1. e4 e5 2. Nf3 Nc6 3. Bb5 a6 4. Ba4 Nf6 5. d3 d6 6. c4 g6 7. d4 exd4 8. Nxd4
Bd7 9. Nxc6 bxc6 10. O-O Bg7 11. Nc3 O-O 12. c5 d5 13. Bg5 Qe7 14. exd5 Qxc5
15. Be3 Qb4 16. dxc6 Bf5 17. Bb3 Qh4 18. Qf3 Ne4 19. g3 Qh5 20. Qxh5 gxh5 21.
Nd5 Kh8 22. Nxc7 Rac8 23. Nd5 Bh3 24. Rfd1 Rxc6 25. Bd4 Bxd4 26. Rxd4 Ng5 27.
Rf4 Rfc8 28. Nc3 Kg7 29. Bd1 Rb8 30. Bb3 Be6 31. Ra4 Bxb3 32. axb3 Rxb3 33.
Rxa6 Rxa6 34. Rxa6 Rxb2 35. Ra2 Rb3 36. Ne2 h4 37. f4 Rb1+ 38. Kf2 hxg3+
1/2-1/2

[Event "Primera Copa Universidad La Punta 2009"]
[Site "Buenos Aires ARG"]
[Date "2009.05.31"]
[Round "9.8"]
[White "Duarte, Leonardo"]
[Black "Ambrogi, Agustin"]
[Result "0-1"]
[WhiteElo "2439"]
[BlackElo "2255"]
[PlyCount "53"]
[EventDate "2009.05.25"]
[EventType "swiss"]
[EventRounds "9"]
[EventCountry "ARG"]
[Source "lmi"]
[SourceDate "2009.05.25"]

1. e4 e6 2. d4 d5 3. Nc3 Bb4 4. e5 c5 5. a3 Bxc3+ 6. bxc3 Ne7 7. Qg4 O-O 8. Nf3
Nbc6 9. Bd3 f5 10. exf6 Rxf6 11. Qh5 h6 12. dxc5 e5 13. Nd2 e4 14. Be2 Qf8 15.
Nb3 Rxf2 16. Rf1 Rxf1+ 17. Bxf1 Qf6 18. Qe8+ Kh7 19. Bd2 Bg4 20. Qxa8 Qh4+ 21.
g3 Qxh2 22. Bf4 Ng6 23. Be3 Nge5 24. Qf8 Nf3+ 25. Qxf3 Bxf3 26. Bf2 Ne5 27. Nd4
0-1

[Event "Primera Copa Universidad La Punta 2009"]
[Site "Buenos Aires ARG"]
[Date "2009.05.31"]
[Round "9.11"]
[White "Ocampos, Ian"]
[Black "Contin, Daniel"]
[Result "1-0"]
[WhiteElo "1973"]
[BlackElo "2321"]
[PlyCount "85"]
[EventDate "2009.05.25"]
[EventType "swiss"]
[EventRounds "9"]
[EventCountry "ARG"]
[Source "lmi"]
[SourceDate "2009.05.25"]

1. e4 c5 2. Nf3 d6 3. d4 Nf6 4. Nc3 cxd4 5. Nxd4 a6 6. Bg5 e6 7. f4 h6 8. Bh4
Be7 9. Qf3 Qc7 10. Bd3 Nbd7 11. Bf2 b5 12. O-O b4 13. Nce2 Bb7 14. Ng3 h5 15.
Rfe1 g6 16. h3 h4 17. Nf1 e5 18. Nb3 a5 19. Nbd2 Nh5 20. fxe5 dxe5 21. Ne3 Nb6
22. Bb5+ Kf8 23. Ndc4 Bc5 24. Rad1 Nf4 25. Ng4 Nxc4 26. Rd7 Qc8 27. Bxc4 Bxf2+
28. Qxf2 Qxd7 29. Nxe5 Qe7 30. Qxf4 Kg7 31. Bxf7 Ra6 32. Bxg6 Rxg6 33. Nxg6
Kxg6 34. Qf5+ Kh6 35. Qf4+ Qg5 36. Qd6+ Qg6 37. Qf4+ Qg5 38. Qd6+ Kh7 39. Qd7+
Qg7 40. Qf5+ Kh6 41. Rd1 Qg6 42. Qf4+ Kh5 43. Qe5+ 1-0

[Event "Primera Copa Universidad La Punta 2009"]
[Site "Buenos Aires ARG"]
[Date "2009.05.31"]
[Round "9.12"]
[White "Krysa, Leandro"]
[Black "Elias, Leonardo"]
[Result "1-0"]
[WhiteElo "2238"]
[BlackElo "2126"]
[PlyCount "61"]
[EventDate "2009.05.25"]
[EventType "swiss"]
[EventRounds "9"]
[EventCountry "ARG"]
[Source "lmi"]
[SourceDate "2009.05.25"]

1. c4 Nf6 2. Nc3 d6 3. g3 e5 4. Bg2 g6 5. e3 Bg7 6. Nge2 O-O 7. O-O c6 8. e4
Nbd7 9. h3 a5 10. d3 Nc5 11. Be3 Re8 12. f4 Qe7 13. Qd2 h5 14. Rae1 Kh7 15. Kh2
Rb8 16. d4 exd4 17. Nxd4 Qc7 18. e5 Nfd7 19. Nf3 dxe5 20. Ng5+ Kg8 21. f5 gxf5
22. Rxf5 Ne6 23. Ref1 Nxg5 24. Rxg5 Nf8 25. Rxg7+ Kxg7 26. Bh6+ Kh7 27. Bxf8
Re6 28. Qg5 Rg6 29. Be4 Be6 30. Qh6+ Kg8 31. Bxg6 1-0

[Event "Primera Copa Universidad La Punta 2009"]
[Site "Buenos Aires ARG"]
[Date "2009.05.31"]
[Round "9.13"]
[White "Virgillito, Cristian"]
[Black "Lanza, Luciano"]
[Result "1/2-1/2"]
[WhiteElo "2216"]
[BlackElo "2114"]
[PlyCount "36"]
[EventDate "2009.05.25"]
[EventType "swiss"]
[EventRounds "9"]
[EventCountry "ARG"]
[Source "lmi"]
[SourceDate "2009.05.25"]

1. c4 e6 2. e4 Nf6 3. Nc3 d5 4. e5 d4 5. exf6 dxc3 6. bxc3 Qxf6 7. d4 e5 8. Nf3
exd4 9. cxd4 Bb4+ 10. Bd2 Bxd2+ 11. Qxd2 O-O 12. Be2 c5 13. O-O cxd4 14. Qxd4
Qxd4 15. Nxd4 Bd7 16. Bf3 Nc6 17. Nxc6 Bxc6 18. Bxc6 bxc6 1/2-1/2